000 00309nam a2200133Ia 4500
008 231129s1989||||xx |||||||||||||| ||spa||
040 _bspa
082 _a986.1327 C268q
100 _aCardona Tobon Alfredo
245 0 _aQuinchia mestizo
260 _c1989
264 _aFondo Editorial
942 _2ddc
_cBKS
999 _c23671
_d23671